000
00290nam a22001217a 4500
003
OSt
008
240802b |||||||| |||| 00| 0 eng d
100
_a
Raj Rishi
245
_a
Final project report of student ready program
260
_a
pusa
_b
CBS&H
_c
2024
300
_a
65
942
_2
ddc
_c
T
999
_c
43151
_d
43151